[Event "Challenge"]
[Site "http://www.queenalice.com/game.php?id=1623087"]
[Date "2020.8.7"]
[Round "-"]
[White "rfbcsa"]
[Black "doriam2203"]
[Result "0-1"]
[WhiteElo "1766"]
[BlackElo "1764"]

1. e4 e5 2. Nf3 d6 3. Bc4 h6 4. O-O Nf6 5. Nc3 Nc6 6. h3 a6 7. d4 exd4 8. Nxd4
Nxd4 9. Qxd4 c5 10. Qd3 Be7 11. Bf4 O-O 12. Qf3 Be6 13. Bxe6 fxe6 14. e5 Nd7 15.
Qg3 Rxf4 16. Qxf4 Nxe5 17. Rad1 Qb6 18. b3 Rf8 19. Qe4 Bf6 20. f4 d5 21. Qe2 Ng6
22. Rde1 Bxc3 23. Qxe6+ Qxe6 24. Rxe6 Nxf4 25. Re7 b5 26. Kh1 Bb4 27. Ra7 a5 28.
a3 Bxa3 29. Rxa5 Bb4 30. Rxb5 d4 31. Rf3 g5 32. g4 Re8 0-1

[Event "AUTO-ADV-4395"]
[Site "http://www.queenalice.com/game.php?id=1625778"]
[Date "2020.9.3"]
[Round "1"]
[White "doriam2203"]
[Black "pariolinius"]
[Result "0-1"]
[WhiteElo "1764"]
[BlackElo "1908"]

1. e4 e5 2. Nf3 Nc6 3. Bc4 Bc5 4. d3 f5 5. Ng5 f4 6. Nf7 Qh4 7. O-O Nh6 8. Nxh8
Ng4 9. h3 Nxf2 10. Qf3 Nxh3+ 11. Kh2 Ng5+ 0-1

[Event "AUTO-ADV-4395"]
[Site "http://www.queenalice.com/game.php?id=1625779"]
[Date "2020.9.3"]
[Round "1"]
[White "pariolinius"]
[Black "doriam2203"]
[Result "1-0"]
[WhiteElo "1941"]
[BlackElo "1773"]

1. d4 h6 2. c4 c5 3. d5 d6 4. Nc3 e6 5. e4 e5 6. Bd3 Nf6 7. Nge2 Bg4 8. f3 Bd7
9. O-O Be7 10. f4 O-O 11. fxe5 dxe5 12. h3 Nh5 13. Qe1 a6 14. Ng3 Nf4 15. Bxf4
exf4 16. Rxf4 Bg5 17. Rf1 f6 18. Nf5 Bxf5 19. Rxf5 Nd7 20. h4 Bxh4 21. Qxh4 Qb6
22. b3 Ne5 23. Bc2 Ng6 24. Qg3 Ne7 25. Rh5 f5 26. e5 Rad8 27. e6 Rf6 28. Rf1
Rdf8 29. Qh3 Qd6 30. Qe3 f4 31. Qd3 Nf5 32. Ne4 Qe5 33. Nxf6+ Rxf6 34. Rxf5 1-0

[Event "AUTO-ADV-4395"]
[Site "http://www.queenalice.com/game.php?id=1625780"]
[Date "2020.9.3"]
[Round "1"]
[White "doriam2203"]
[Black "fabricioprado"]
[Result "1-0"]
[WhiteElo "1754"]
[BlackElo "1797"]

1. e4 c5 2. d4 cxd4 3. Qxd4 Nc6 4. Qd1 e5 5. Nf3 Nf6 6. Bg5 Be7 7. Nc3 O-O 8. a3
d6 9. Nd5 Be6 10. Nxf6+ Bxf6 11. Bxf6 gxf6 12. Bd3 Qc7 13. h3 Nd4 14. Nxd4 Bd7
15. Nf5 Bxf5 16. exf5 Kh8 17. Qh5 Rg8 18. g4 Rg5 19. Qh4 d5 20. O-O-O e4 21. Be2
Rd8 22. Rd2 Qf4 23. Rd1 Rxf5 24. Bb5 a6 25. Ba4 Rg5 26. Bb3 b5 27. Kb1 Kg7 28.
Bxd5 Rd6 29. Rd4 Re5 30. Bb7 Rxd4 31. Rxd4 Re6 32. Qg3 Qxg3 33. fxg3 e3 34. Bf3
e2 35. Bxe2 Rxe2 36. Rd6 Re6 37. Rd3 Kg6 38. h4 h5 39. gxh5+ Kxh5 40. Rd4 Kg6
41. c4 bxc4 42. Rxc4 f5 43. Rc3 f6 44. b4 Rb6 45. Kb2 a5 46. Kb3 1-0

[Event "AUTO-ADV-4395"]
[Site "http://www.queenalice.com/game.php?id=1625781"]
[Date "2020.9.3"]
[Round "1"]
[White "fabricioprado"]
[Black "doriam2203"]
[Result "1-0"]
[WhiteElo "1772"]
[BlackElo "1780"]

1. e4 d5 2. exd5 Qxd5 3. Nc3 Qd8 4. d4 e6 5. Nf3 h6 6. Be2 Bb4 7. O-O Bxc3 8.
bxc3 Nf6 9. Bb2 b6 10. Ba3 Bb7 11. Bb5+ c6 12. Be2 Ne4 13. Qd3 f5 14. Ne5 Nd7
15. Bh5+ g6 16. Bxg6# 1-0

[Event "AUTO-ADV-4395"]
[Site "http://www.queenalice.com/game.php?id=1625782"]
[Date "2020.9.3"]
[Round "1"]
[White "doriam2203"]
[Black "ebpap123"]
[Result "0-1"]
[WhiteElo "1789"]
[BlackElo "1778"]

1. e4 c5 2. Nf3 d6 3. h3 g6 4. d4 cxd4 5. Qxd4 Nf6 6. Bc4 Bg7 7. Qd3 O-O 8. Nc3
a6 9. Bd2 b5 10. Bd5 Nxd5 11. Qxd5 Ra7 12. O-O-O Be6 13. Qd3 Nc6 14. a3 b4 15.
Nb1 bxa3 16. Nxa3 Qb8 17. b3 Nb4 18. Bxb4 Qxb4 19. Nb1 a5 20. Nd4 Bh6+ 21. Nd2
Bd7 22. h4 Qa3+ 23. Kb1 a4 24. Nc4 Qb4 25. Kb2 axb3 26. cxb3 Rfa8 27. Ra1 Bg7
28. Rxa7 Rxa7 29. Ra1 Rxa1 30. Kxa1 Qe1+ 31. Ka2 Qxf2+ 32. Ne2 Qxg2 33. Ka3 Qg4
34. Nb6 Be6 35. Nd4 Bxd4 36. Qxd4 Qxh4 37. b4 Qf4 38. Ka4 Qe5 39. Qxe5 dxe5 40.
Nd5 Kf8 41. Ka5 h5 42. b5 h4 43. Ne3 h3 44. Nf1 Bc8 45. Kb6 Bd7 46. Nh2 Ke8 47.
Ng4 Bxg4 0-1

[Event "AUTO-ADV-4395"]
[Site "http://www.queenalice.com/game.php?id=1625783"]
[Date "2020.9.3"]
[Round "1"]
[White "ebpap123"]
[Black "doriam2203"]
[Result "0-1"]
[WhiteElo "1805"]
[BlackElo "1772"]

1. e4 d5 2. exd5 Qxd5 3. Nf3 e5 4. Nc3 Qd6 5. d3 Nc6 6. Be2 Nf6 7. O-O Nd4 8.
Nxd4 exd4 9. Ne4 Nxe4 10. dxe4 h6 11. Qd3 c5 12. Rd1 Be6 13. Qb5+ Qc6 14. Qxc6+
bxc6 15. Ba6 Bd6 16. Bb7 Rb8 17. Bxc6+ Bd7 18. Bxd7+ Kxd7 19. b3 Rhe8 20. f3 g5
21. Bb2 Kc6 22. c3 dxc3 23. Bxc3 Bf4 24. Rd3 Rbd8 25. Rxd8 Rxd8 26. g3 Be3+ 27.
Kf1 Bd4 28. Bxd4 cxd4 29. Ke2 Kc5 30. Kd3 Kb4 31. Rc1 Ka3 32. Rc7 Ra8 33. Rxf7
Kxa2 34. Kxd4 Kxb3 35. Rh7 a5 36. Rxh6 a4 37. Rb6+ Kc2 38. Kc4 a3 39. e5 a2 0-1

[Event "Challenge"]
[Site "http://www.queenalice.com/game.php?id=1629298"]
[Date "2020.10.7"]
[Round "-"]
[White "doriam2203"]
[Black "rfbcsa"]
[Result "0-1"]
[WhiteElo "1764"]
[BlackElo "1761"]

1. e4 c5 2. c4 Nc6 3. Nf3 e6 4. a3 g6 5. d4 cxd4 6. Nxd4 Bg7 7. Nxc6 bxc6 8. c5
Ne7 9. Nd2 O-O 10. Nf3 Qc7 11. Rb1 f5 12. Bd3 fxe4 13. Bxe4 Ba6 14. b4 Rab8 15.
Bb2 Bxb2 16. Rxb2 Nf5 17. Rd2 Rbd8 18. Bd3 Bb5 19. Bxb5 cxb5 20. O-O d6 21. Ng5
Rfe8 22. Qe2 e5 23. Qxb5 dxc5 24. Rxd8 Qxd8 25. Qxc5 Qxg5 26. Qxa7 Qe7 27. Qa4
Rd8 28. Qb3+ Qf7 29. Qb2 Qd5 30. h3 Ne7 31. b5 Qd4 32. Qb3+ Kg7 33. a4 Ra8 34.
Ra1 Qxa1+ 0-1

[Event "Challenge"]
[Site "http://www.queenalice.com/game.php?id=1636448"]
[Date "2020.12.14"]
[Round "-"]
[White "rfbcsa"]
[Black "doriam2203"]
[Result "1-0"]
[WhiteElo "1792"]
[BlackElo "1748"]

1. e4 d5 2. exd5 Qxd5 3. Nc3 Qd8 4. Bc4 c6 5. Nf3 Nf6 6. h3 Bf5 7. d3 e6 8. Bg5
h6 9. Bh4 Be7 10. O-O Qc7 11. a3 Nbd7 12. Re1 g5 13. Bg3 Bd6 14. Bxd6 Qxd6 15.
Ne4 Bxe4 16. dxe4 Qxd1 17. Raxd1 O-O-O 18. e5 Nh5 19. Rd2 Nb6 20. Bd3 Nf4 21.
Red1 Nbd5 22. Bc4 h5 23. Nxg5 Rhg8 24. h4 Ng6 25. Nxf7 Rd7 26. Nd6+ Kc7 27. Bxd5
cxd5 28. Nb5+ Kb6 29. c4 Nxe5 30. Re2 Nxc4 31. b3 Kxb5 32. bxc4+ Ka4 33. Rd3 Rd6
34. Re5 Rg4 35. Rxh5 Rxc4 36. Rh7 Rb6 37. f3 Rc1+ 38. Kh2 Ra1 39. g4 Rxa3 40.
Rxa3+ Kxa3 41. Rd7 a5 42. g5 a4 43. g6 Kb2 44. g7 a3 45. g8=Q a2 46. Qh8+ Kb1
47. Rg7 1-0

[Event "Challenge"]
[Site "http://www.queenalice.com/game.php?id=1643018"]
[Date "2021.2.9"]
[Round "-"]
[White "doriam2203"]
[Black "rfbcsa"]
[Result "0-1"]
[WhiteElo "1734"]
[BlackElo "1787"]

1. e4 c5 2. Nc3 Nc6 3. Bb5 g6 4. Nf3 Bg7 5. Bxc6 bxc6 6. e5 e6 7. Ne4 f6 8. exf6
Nxf6 9. Nxc5 d6 10. Nb3 O-O 11. d3 Qc7 12. Bf4 Nd5 13. Bg3 Bxb2 14. Rb1 Bc3+ 15.
Nbd2 e5 16. O-O Bg4 17. Rb3 Bxd2 18. Qxd2 Bxf3 19. gxf3 Rxf3 20. Rfb1 Nb6 21. c4
c5 22. Qa5 Rff8 23. Kg2 h5 24. Qd2 Kh7 25. Qg5 Rf5 26. Qe3 Qc6+ 27. Kg1 g5 28.
h4 Rg8 29. Kh2 gxh4 30. Bxh4 Qg2# 0-1

[Event "Los que van a morir..."]
[Site "http://www.queenalice.com/game.php?id=1649892"]
[Date "2021.4.17"]
[Round "-"]
[White "din4"]
[Black "doriam2203"]
[Result "0-1"]
[WhiteElo "1636"]
[BlackElo "1689"]

1. e4 d5 2. e5 d4 3. Bc4 e6 4. d3 a6 5. a4 Nc6 6. Bf4 Bb4+ 7. c3 dxc3 8. bxc3
Ba5 9. Nh3 h6 10. d4 f6 11. exf6 Qxf6 12. Bd3 Nxd4 13. Qh5+ g6 14. Qxa5 Nb3 15.
Qxc7 Nxa1 16. Qb6 Ne7 17. Qb2 Nd5 18. Bd6 e5 19. Bc5 Bxh3 20. gxh3 Nf4 21. Be4
Rc8 22. Qa3 Nxh3 23. Rf1 Qf4 24. Bxg6+ Kd7 25. Nd2 Rhg8 26. Be4 Qxe4+ 27. Nxe4
Nc2+ 28. Ke2 Nxa3 29. Bxa3 Nf4+ 30. Kf3 Ke6 31. Rd1 Rcd8 32. Nc5+ Kf5 33. Rxd8
Rxd8 34. Ke3 Ne6 35. Nxe6 Rc8 36. Ng7+ Kf6 37. Nh5+ Kg5 38. Ng3 Rxc3+ 39. Ke4
Rxa3 40. Kxe5 Rxa4 41. Ne4+ Kg6 42. f4 Ra2 43. f5+ Kg7 44. Ke6 Kf8 45. Nf6 Re2+
46. Kd6 b5 47. h4 b4 48. Nd7+ Kf7 49. Nc5 a5 50. h5 Kf6 51. Nb3 Re5 52. Nc5 Rxf5
53. Ne4+ Kf7 54. Kc6 b3 55. Nd6+ Kf6 56. Nxf5 b2 57. Nxh6 b1=Q 58. Ng8+ Kg7 59.
Ne7 Kh6 60. Nd5 a4 61. Kc5 a3 62. Nb4 Kxh5 63. Kc4 a2 64. Nxa2 Qxa2+ 65. Kb4 Qc2
66. Ka3 Qb1 67. Ka4 Kg5 68. Ka3 Kf5 69. Ka4 Ke5 70. Ka3 Kd5 71. Ka4 Kc4 72. Ka3
Qb3# 0-1

[Event "Haciendo amigos..."]
[Site "http://www.queenalice.com/game.php?id=1649893"]
[Date "2021.4.17"]
[Round "-"]
[White "doriam2203"]
[Black "din4"]
[Result "0-1"]
[WhiteElo "1707"]
[BlackElo "1645"]

1. e4 e5 2. Nc3 c6 3. Bc4 Nh6 4. d4 Bb4 5. Bxh6 gxh6 6. dxe5 Qg5 7. g3 Qxe5 8.
Qf3 d5 9. Be2 d4 10. Rd1 dxc3 11. bxc3 Bxc3+ 12. Kf1 Nd7 13. Nh3 Nf6 14. Bd3
Bxh3+ 15. Kg1 Ng4 16. Rb1 b5 17. Bf1 Bxf1 18. Qxg4 Bc4 19. Rd1 Rd8 20. Kg2 Be6
21. Rxd8+ Kxd8 22. Qf3 Bxa2 23. Rd1+ Kc7 24. Qe3 c5 25. f3 h5 26. Qd3 Kb6 27.
Qd7 Be6 28. Rd6+ Ka5 29. Qxa7+ Kb4 30. Ra6 Bg4 31. Ra2 Kc4 32. fxg4 Qxe4+ 33.
Kf1 Qh1+ 34. Ke2 Qxh2+ 35. Kf3 hxg4+ 36. Kxg4 Rg8+ 37. Kf4 Qxg3+ 38. Kf5 Qe5#
0-1

[Event "Challenge"]
[Site "http://www.queenalice.com/game.php?id=1757931"]
[Date "2021.4.29"]
[Round "-"]
[White "rfbcsa"]
[Black "doriam2203"]
[Result "1-0"]
[WhiteElo "1802"]
[BlackElo "1720"]

1. c4 d5 2. cxd5 Qxd5 3. Nc3 Qd8 4. Nf3 e6 5. d4 h6 6. e4 a6 7. Bc4 Nc6 8. d5
exd5 9. Bxd5 Nf6 10. Bxc6+ bxc6 11. Qxd8+ Kxd8 12. O-O Bd6 13. e5 Bxe5 14. Nxe5
Be6 15. Rd1+ Ke7 16. Nxc6+ Ke8 17. Bf4 Bd7 18. Re1+ Kf8 19. Na5 Kg8 20. Bxc7 Kh7
21. Nb3 Bb5 22. Nxb5 axb5 23. a3 Rhc8 24. Rac1 Nd5 25. Bd6 Rxc1 26. Rxc1 f6 27.
Rc5 Re8 28. g3 1-0

[Event "Challenge"]
[Site "http://www.queenalice.com/game.php?id=1766042"]
[Date "2021.8.3"]
[Round "-"]
[White "doriam2203"]
[Black "rfbcsa"]
[Result "1/2-1/2"]
[WhiteElo "1703"]
[BlackElo "1859"]

1. d4 Nf6 2. Nc3 e6 3. e4 d6 4. Bg5 Be7 5. Nf3 O-O 6. Bd3 b6 7. Bxf6 Bxf6 8. Qd2
Bb7 9. O-O-O Nd7 10. h4 c5 11. g4 cxd4 12. Nb5 a6 13. Nxd6 Nc5 14. Nxb7 Nxb7 15.
e5 Be7 16. h5 Bg5 17. Nxg5 h6 1/2-1/2

[Event "Challenge"]
[Site "http://www.queenalice.com/game.php?id=1766634"]
[Date "2021.8.10"]
[Round "-"]
[White "doriam2203"]
[Black "rfbcsa"]
[Result "1-0"]
[WhiteElo "1709"]
[BlackElo "1859"]

1. e4 e6 2. d4 d5 3. e5 c5 4. c3 Nc6 5. Nf3 Qb6 6. a3 Nh6 7. Qa4 Bd7 8. Bb5 a6
9. Bxc6 Bxc6 10. Qd1 Nf5 11. Nbd2 cxd4 12. cxd4 Nxd4 13. O-O g6 14. Nxd4 Bg7 15.
N2f3 O-O 16. b4 Rac8 17. Be3 Qd8 18. h3 Bd7 19. Rc1 Rc4 20. Rxc4 dxc4 21. Qc2 b5
22. Rd1 Qc7 23. Ne2 Bc6 24. Ned4 Bxf3 25. Nxf3 Bxe5 26. Nxe5 Qxe5 27. Bd4 Qc7
28. Bf6 Ra8 29. Qc1 Qc8 30. Rd8+ 1-0

[Event "Challenge"]
[Site "http://www.queenalice.com/game.php?id=1767857"]
[Date "2021.8.25"]
[Round "-"]
[White "rfbcsa"]
[Black "doriam2203"]
[Result "0-1"]
[WhiteElo "1844"]
[BlackElo "1731"]

1. e4 a6 2. d4 d5 3. exd5 Qxd5 4. c4 Qd8 5. h3 h6 6. c5 e6 7. Nf3 Nc6 8. a3 b6
9. b4 Bb7 10. Bb2 Nf6 11. Be2 Be7 12. O-O O-O 13. Qd3 Nd5 14. b5 axb5 15. cxb6
Nxb6 16. Qxb5 Ra5 17. Qb3 Rd5 18. Rd1 Bf6 19. Ne5 Nxd4 20. Rxd4 Rxd4 21. Bxd4
Qxd4 22. Nc3 Bxe5 23. Rc1 Bd5 24. Nxd5 Nxd5 25. Rd1 Qb2 26. Qxb2 Bxb2 27. Bc4 c6
28. a4 Ra8 29. Bb3 Nc3 30. Rd6 Nxa4 31. Rxc6 Nc3 32. Bc2 Kf8 0-1

[Event "Challenge"]
[Site "http://www.queenalice.com/game.php?id=1773358"]
[Date "2021.10.28"]
[Round "-"]
[White "doriam2203"]
[Black "rfbcsa"]
[Result "1-0"]
[WhiteElo "1752"]
[BlackElo "1833"]

1. e4 e6 2. d4 d5 3. e5 c5 4. Nf3 Nc6 5. c3 Qb6 6. b3 f6 7. Be3 fxe5 8. Nxe5 g6
9. Nd2 cxd4 10. cxd4 Nxd4 11. Ndf3 Qb4+ 12. Bd2 Qd6 13. Bc3 Bg7 14. Bxd4 Qb4+
15. Qd2 Qxd2+ 16. Kxd2 a6 17. Rc1 Ne7 18. Bd3 Bh6+ 19. Be3 Bxe3+ 20. fxe3 O-O
21. Rhf1 Nf5 22. g4 Nd6 23. h4 b5 24. h5 Kg7 25. hxg6 hxg6 26. Nxg6 Rxf3 27.
Rxf3 Ne4+ 28. Bxe4 dxe4 29. Rf4 Kxg6 30. Rxe4 Kg5 31. Rc5+ 1-0

[Event "Challenge"]
[Site "http://www.queenalice.com/game.php?id=1775533"]
[Date "2021.11.24"]
[Round "-"]
[White "rfbcsa"]
[Black "doriam2203"]
[Result "1-0"]
[WhiteElo "1842"]
[BlackElo "1771"]

1. e4 e5 2. Nf3 d6 3. d4 Nd7 4. Bc4 h6 5. dxe5 Nxe5 6. Nxe5 dxe5 7. Bxf7+ Ke7 8.
Qxd8+ Kxd8 9. Be3 Nf6 10. f3 Bd6 11. O-O Ke7 12. Bg6 Be6 13. Nc3 Nd7 14. h4 b6
15. Nd5+ Bxd5 16. exd5 Rac8 17. c4 c5 18. Rfe1 Kf6 19. Bc2 Rhf8 20. g4 Kf7 21.
Bf5 Rcd8 22. Be6+ Ke8 23. Rf1 Nf6 24. Kg2 Nh7 25. a4 a5 26. Kg3 e4+ 27. f4 g5
28. h5 gxf4+ 29. Bxf4 Bxf4+ 30. Rxf4 Rxf4 31. Kxf4 Ng5 32. Bf5 Ke7 33. Bxe4 Kd6
34. Bg6 Rf8+ 35. Bf5 Nh3+ 36. Kg3 Ng5 37. Re1 Rf6 38. Re3 Rf8 39. Kf4 Rf6 40.
Re8 Nf7 41. Re6+ Rxe6 42. dxe6 Ng5 43. b3 Nxe6+ 44. Bxe6 Kxe6 45. g5 hxg5+ 46.
Kxg5 Kf7 47. h6 Kg8 48. Kf6 1-0

[Event "Challenge"]
[Site "http://www.queenalice.com/game.php?id=1777546"]
[Date "2021.12.18"]
[Round "-"]
[White "doriam2203"]
[Black "rfbcsa"]
[Result "0-1"]
[WhiteElo "1758"]
[BlackElo "1855"]

1. e4 e6 2. d4 d5 3. e5 c5 4. Nf3 Nc6 5. c3 Qb6 6. Be2 Nh6 7. Bxh6 Qxb2 8. Bxg7
Qxa1 9. Bxh8 cxd4 10. cxd4 Bb4+ 11. Kf1 Qxa2 12. g3 Bd7 13. Bf6 Ne7 14. Bxe7
Kxe7 15. Kg2 Rc8 16. Nbd2 Rc2 17. Qa1 Bxd2 18. Bd3 Qxa1 19. Rxa1 Rb2 20. Rxa7
Be3 21. Bxh7 Rxf2+ 0-1

[Event "Toni"]
[Site "http://www.queenalice.com/game.php?id=1780656"]
[Date "2022.1.17"]
[Round "-"]
[White "rfbcsa"]
[Black "doriam2203"]
[Result "1-0"]
[WhiteElo "1867"]
[BlackElo "1746"]

1. e4 d5 2. exd5 Qxd5 3. Nc3 Qd8 4. Bc4 h6 5. Nf3 Nf6 6. O-O a6 7. Re1 Nc6 8. a3
Bf5 9. d3 e6 10. h3 Bd6 11. Nh4 Nd4 12. Nxf5 Nxf5 13. Qf3 c6 14. Qxf5 O-O 15.
Qf3 b5 16. Ba2 Qc7 17. Ne4 Nxe4 18. dxe4 Rad8 19. Be3 Kh7 20. Rad1 Bh2+ 21. Kh1
Rxd1 22. Rxd1 Be5 23. Bc5 Re8 24. b4 Bf6 25. Qe3 a5 26. f4 a4 27. e5 Be7 28.
Bxe7 Rxe7 29. Qe4+ g6 30. Rd6 Rd7 31. Rxc6 1-0